000 01696cam a22004337a 4500
999 _c330327
_d330327
001 11955575
003 NUST
005 20170620133613.0
008 000327s1998 enka 001 0 eng d
010 _a 00276763
015 _aGB98-52781
020 _a1853835234 (hbk.)
020 _a1853835226 (pbk.)
035 _a(OCoLC)ocm39286658
040 _aNLM
_cNLM
_dNYP
_dAGL
_dUKM
_dDLC
042 _alccopycat
050 0 0 _aRA793
_b.M378 1998
060 0 0 _a1998 F-263
060 1 0 _aWA 30.5
_bM377h 1998
070 0 _aQC981.8.C5M37
_b1998
082 0 0 _a613.11 MAR
_221
100 1 _aMartens, Willem Jozef Meine,
_d1968-
_92961
245 1 0 _aHealth and climate change :
_bmodelling the impacts of global warming and ozone depletion /
_cPim Martens.
246 1 4 _aHealth & climate change
260 _aLondon :
_bEarthscan Publications,
_c1998.
300 _axxiv, 176 p. :
_bill. ;
_c24 cm.
440 0 _aHealth and the environment series
_92962
500 _aP.B
504 _aIncludes bibliographical references (p. [157]-173) and index.
650 0 _aMedical climatology.
_92963
650 0 _aGlobal warming.
_92964
650 0 _aOzone layer depletion.
_92965
650 1 2 _aEnvironmental Illness
_xetiology.
_92966
650 2 2 _aGreenhouse Effect.
_92967
650 2 2 _aModels, Theoretical.
_92968
650 0 _aClimatic changes
_xHealth aspects
_vMathematical models.
_92969
650 0 _aGlobal warming
_xHealth aspects
_vMathematical models.
_92970
650 0 _aOzone layer depletion
_xHealth aspects
_vMathematical models.
_92971
906 _a7
_bcbc
_ccopycat
_d2
_encip
_f20
_gy-gencatlg
942 _2ddc
_cBK
_kIESE